01169nam a2200193Ia 4500001001100000003001000011008004100021040002500062041001300087100003000100245005900130250001100189260008500200300001200285500026400297501011400561520026400675650003600939L200-53398IT-CnALBA170116s9999||||xx |||||||||||||| ||und|| aIT-CnALBAcIT-CnALBA aITALIANO aFRANCESCO D'ASSISI, SANTO 0aSCRITTI DI S. FRANCESCO. TRADUZIONE DI RACCA GIORGIO.  a1a ed. aASSISI (PG)bPORZIUNCOLA EDIZIONIc1984 [1° Ed.:1984 - Ed.Ling.Originale: 1984] a112 p.  aPRESENTAZIONE. SENSO ALLA VITA. SCELTA SBAGLIATA. PROPOSTA CONCRETA. LA SAPIENZA DEL VANGELO. I VALORI EVANGELICI. BEATITUDINE EVANGELICHE. PERFETTA LETIZIA. PUOI VEDERE DIO CON I TUOI OCCHI. COSTRUZIONE DI UN MONDO PIÙ UMANO. LA FRATERNITÀ FRANCESCANA. L aSocietà San Paolo EM - Piazza San Paolo, 14 - 12051 ALBA (CN) (non commercial uses only) ® Copyright 2017 aPRESENTAZIONE. SENSO ALLA VITA. SCELTA SBAGLIATA. PROPOSTA CONCRETA. LA SAPIENZA DEL VANGELO. I VALORI EVANGELICI. BEATITUDINE EVANGELICHE. PERFETTA LETIZIA. PUOI VEDERE DIO CON I TUOI OCCHI. COSTRUZIONE DI UN MONDO PIÙ UMANO. LA FRATERNITÀ FRANCESCANA. L aRELIGIONE - RELIGIONE CRISTIANA